Welcome to CU Library Online Public Access Catalogue (OPAC)

Pharmacology / (Record no. 4239)

MARC details
000 -LEADER
fixed length control field 01077cam a22002777a 4500
001 - CONTROL NUMBER
control field 13771352
005 - DATE AND TIME OF LATEST TRANSACTION
control field 20250223195034.0
008 - FIXED-LENGTH DATA ELEMENTS--GENERAL INFORMATION
fixed length control field 041103s2003 ctu 001 0 eng d
020 ## - INTERNATIONAL STANDARD BOOK NUMBER
International Standard Book Number 0071399305
050 00 - LIBRARY OF CONGRESS CALL NUMBER
Classification number RM105
Item number .K386 2003
082 00 - DEWEY DECIMAL CLASSIFICATION NUMBER
Classification number 615/.1/
Edition information 22
100 1# - MAIN ENTRY--PERSONAL NAME
Personal name Katzung, Bertram
245 10 - TITLE STATEMENT
Title Pharmacology /
Statement of responsibility, etc. Bertram Katzung and Anthony Trevor.
260 ## - PUBLICATION, DISTRIBUTION, ETC.
Place of publication, distribution, etc. East Norwalk, Conn. :
Name of publisher, distributor, etc. Appleton & Lange ;
Place of publication, distribution, etc. Maidenhead :
Name of publisher, distributor, etc. McGraw-Hill,
Date of publication, distribution, etc. 2003.
300 ## - PHYSICAL DESCRIPTION
Extent ix, 176 p. :
Other physical details ill. ;
Dimensions 24 cm.
440 #0 - SERIES STATEMENT/ADDED ENTRY--TITLE
Title USMLE road map
500 ## - GENERAL NOTE
General note Includes index.
650 #0 - SUBJECT ADDED ENTRY--TOPICAL TERM
Topical term or geographic name entry element Pharmacology
General subdivision Examinations
Form subdivision Study guides.
650 12 - SUBJECT ADDED ENTRY--TOPICAL TERM
Topical term or geographic name entry element Pharmacology
Form subdivision Examination Questions.
650 12 - SUBJECT ADDED ENTRY--TOPICAL TERM
Topical term or geographic name entry element Pharmacology
Form subdivision Problems and Exercises.
700 1# - ADDED ENTRY--PERSONAL NAME
Personal name Trevor, Anthony
856 42 - ELECTRONIC LOCATION AND ACCESS
Materials specified Publisher description
Uniform Resource Identifier <a href="http://www.loc.gov/catdir/description/mh051/2004303934.html">http://www.loc.gov/catdir/description/mh051/2004303934.html</a>
856 41 - ELECTRONIC LOCATION AND ACCESS
Materials specified Table of contents
Uniform Resource Identifier <a href="http://www.loc.gov/catdir/toc/mh051/2004303934.html">http://www.loc.gov/catdir/toc/mh051/2004303934.html</a>
856 42 - ELECTRONIC LOCATION AND ACCESS
Materials specified Contributor biographical information
Uniform Resource Identifier <a href="http://www.loc.gov/catdir/enhancements/fy0705/2004303934-b.html">http://www.loc.gov/catdir/enhancements/fy0705/2004303934-b.html</a>
942 ## - ADDED ENTRY ELEMENTS (KOHA)
Source of classification or shelving scheme Library of Congress Classification
Koha item type Books
Suppress in OPAC No
999 ## -
-- 4239
-- 4239
Holdings
Withdrawn status Lost status Source of classification or shelving scheme Damaged status Not for loan Collection Home library Current library Shelving location Date acquired Total checkouts Full call number Barcode Date last seen Copy number Price effective from Koha item type
    Library of Congress Classification     Non-fiction Science Library (Miotso) Science Library (Miotso) General stacks 02/23/2025   RM105 .K386 KAT SLM00003942 02/23/2025 1 02/23/2025 Books
© 2023-2024 Copyright: Central University Libraries. All Rights Reserved | Created by: Mahone Tech Office